| 000 | 01267nam a22002417a 4500 | ||
|---|---|---|---|
| 999 |
_c27744 _d27744 |
||
| 003 | BDDh-ASL | ||
| 005 | 20231016062618.0 | ||
| 008 | 200919b2000 b ||||| b||| 001 0 b d | ||
| 040 |
_aBDDh-ASL _cBDDh-ASL _dBDDh-ASL |
||
| 041 | _abengali | ||
| 082 |
_a923.2 _bHOM |
||
| 100 | 1 |
_95912 _aহোসেন, তাজুল _cডা. |
|
| 245 | 1 |
_aএম. এন. রায়ের ওডেসী: _b২. মেক্সিকোতে রাজনৈতিক সাফল্য ও ভারতের ইতিহাস বিশ্লেষণ / |
|
| 246 | _aM. N. Royer Odesi: Mexicote Rajnoitik Safolla O Bharater Itihas Bisleshon. | ||
| 260 |
_aঢাকা: _bমানবতাবাদী প্রকাশন, _c২০০০। |
||
| 300 |
_a১৪৪ পৃষ্ঠা: _c২২ সে. মি.। |
||
| 440 |
_95915 _aবিংশ শতাব্দীর স্বাধীনতা সংগ্রাম সিরিজ _n - ২. |
||
| 650 | 0 |
_abiographical dictionary - চরিতাভিধান _94665 |
|
| 650 | 0 |
_aPolitical History (রাজনৈতিক ইতিহাস) _95918 |
|
| 650 | 0 |
_aPolitical Leader (রাজনৈতিক নেতা) _95905 |
|
| 650 | 0 |
_aPolitics (রাজনীতি) _95777 |
|
| 942 |
_2ddc _cBK |
||